000 00859nam a2200253Ia 4500
003 OSt
005 20220923211058.0
006 a|||||r|||| 00| 0
007 ta
008 Pun
020 _a8178560895 (hbk)
_c200
024 _a240,339
037 _b180, 24/10/2009, H.K. Prakashan
_cTextual
040 _aARTS
_cARTS
_bPun
041 _2Pun
_aPun
082 _aO153:g, P6
100 _aਘੁੰਮਣ, ਬਿਕਰਮ ਸਿੰਘ
_9156274
245 0 _aਪੰਜਾਬੀ ਸਾਹਿਤ ਧਾਰਾਵਾਂ
260 _aਅੰਮ੍ਰਿਤਸਰ
_b ਵਾਰਿਸ Fਾਹ ਖ਼ਾਉ੍ਵਡੇFਨ
_c2006
300 _a180ਪੰ
_ccm.
650 _aਪੰਜਾਬੀ ਸਾਹਿਤ
942 _hO153:g, P6
_cTEXL
_2CC
999 _c294925
_d294925